| 000 | 00491nam a2200133Ia 4500 | ||
|---|---|---|---|
| 005 | 20260209120149.0 | ||
| 008 | 260209s9999||||xx |||||||||||||| ||und|| | ||
| 100 | _aHifza Haq | ||
| 245 | 0 | _aExploring vulnerability in EU asylum law : an analysis | |
| 260 |
_aBangaloreBangalore _bNLSIU, Bangalore _c2023 - 2024 |
||
| 300 | _a36 p. ; 25 cm. | ||
| 700 | _aDr. Saurabh Bhattacharjee - SupervisorDr. Saurabh Bhattacharjee - Supervisor | ||
| 856 | _uhttps://dans.nls.ac.in/handle/123456789/2216 | ||
| 999 |
_c217665 _d217665 |
||